The Journal of applied behavioral science. (Record no. 4454)
[ view plain ]
| 000 -LEADER | |
|---|---|
| fixed length control field | 00442cas a2200157 4500 |
| 005 - DATE AND TIME OF LATEST TRANSACTION | |
| control field | 20250901165452.0 |
| 008 - FIXED-LENGTH DATA ELEMENTS--GENERAL INFORMATION | |
| fixed length control field | 741224c19659999cauqr p 0 a0eng |
| 010 ## - LIBRARY OF CONGRESS CONTROL NUMBER | |
| LC control number | 65009877 |
| 022 0# - INTERNATIONAL STANDARD SERIAL NUMBER | |
| International Standard Serial Number | 0021-8863 |
| ISSN-L [OBSOLETE] | 0021-8863 |
| Source | 2 |
| 050 00 - LIBRARY OF CONGRESS CALL NUMBER | |
| Classification number | H1 .J53 |
| Item number | .J53 |
| 082 04 - DEWEY DECIMAL CLASSIFICATION NUMBER | |
| Classification number | 305 |
| 245 04 - TITLE STATEMENT | |
| Title | The Journal of applied behavioral science. |
| 260 ## - PUBLICATION, DISTRIBUTION, ETC. | |
| Place of publication, distribution, etc. | [Thousand Oaks, Calif., etc.] |
| Name of publisher, distributor, etc. | [Sage Periodicals Press, etc.] |
| 300 ## - PHYSICAL DESCRIPTION | |
| Extent | volumes |
| Dimensions | 23 cm |
| 942 ## - ADDED ENTRY ELEMENTS (KOHA) | |
| Source of classification or shelving scheme | Dewey Decimal Classification |
| Withdrawn status | Lost status | Source of classification or shelving scheme | Damaged status | Not for loan | Home library | Current library | Shelving location | Date acquired | Total checkouts | Full call number | Barcode | Date last seen | Price effective from | Koha item type |
|---|---|---|---|---|---|---|---|---|---|---|---|---|---|---|
| Library of Congress Classification | Main Library | Main Library | 04/08/2021 | H1 .J53 | PIU0009634 | 04/08/2021 | 04/08/2021 | Books |